000 00852nam a2200193Ia 4500
003 GCL
008 140319s9999 xx 000 0 ara d
040 _aGCL /
_cGCL
082 0 4 _a956.9
_bم ط
100 1 _aمحسن محمد صالح
245 1 0 _aالطريق الى القدس دراسة تاريخية فى رصيد التجربة الاسلامية على ارض فلسطين منذ عصور الانبياء وحتى اواخر القرن العشرين /
_cمحسن محمد صالح
300 _a223 ص
650 0 4 _aالاحتلال البريطانى
650 0 4 _aفلسطين - تاريخ - العصر الحديث
650 0 4 _aفلسطين - تاريخ - العصر الاسلامى
650 0 4 _aالقدس - تاريخ
650 0 4 _aاسرائيل - تاريخ - النزاع العربى الاسرائيلى
942 _2ddc
_cBK
999 _c4054
_d4054